[Event "Scarborough CC Jack Frost"]
[Site "Toronto CAN"]
[Date "2020.01.30"]
[Round "4.6"]
[White "Southam, David"]
[Black "Leblanc, Miguel"]
[Result "1-0"]
[WhiteElo "2216"]
[BlackElo "1758"]
[PlyCount "63"]
[EventDate "2020.01.09"]
[EventType "swiss"]
[EventRounds "6"]
[EventCountry "CAN"]

1. d4 Nf6 2. c4 e6 3. Nc3 Bb4 4. e3 O-O 5. Nge2 c6 6. a3 Ba5 7. c5 Bc7 8. g3 d5
9. cxd6 Qxd6 10. Bg2 e5 11. O-O Re8 12. Qc2 Bg4 13. f3 Be6 14. Rd1 Qe7 15. e4
Nbd7 16. Be3 a5 17. d5 cxd5 18. exd5 Bb6 19. Bxb6 Nxb6 20. dxe6 Qc5+ 21. Kh1
Rxe6 22. b4 Qf2 23. Rf1 Qe3 24. Qc1 Qd3 25. Rd1 Qg6 26. bxa5 Nc4 27. Nd5 Nxd5
28. Rxd5 Rc6 29. Qg1 Qc2 30. Qe1 Ne3 31. Rxe5 Rc3 32. Qxc3 1-0

[Event "Scarborough CC Jack Frost"]
[Site "Toronto CAN"]
[Date "2020.02.06"]
[Round "5.1"]
[White "Lawless, David"]
[Black "Gao, Raymond"]
[Result "1-0"]
[WhiteElo "2035"]
[BlackElo "2042"]
[PlyCount "79"]
[EventDate "2020.01.09"]
[EventType "swiss"]
[EventRounds "6"]
[EventCountry "CAN"]

1. e4 c5 2. Nc3 a6 3. g3 b5 4. d3 Bb7 5. Bg2 Nc6 6. f4 d6 7. h3 g6 8. Nge2 Bg7
9. O-O e6 10. f5 b4 11. fxe6 fxe6 12. Nb1 Nf6 13. Nd2 O-O 14. Nf4 Qe7 15. c3 a5
16. Qb3 Rfe8 17. Nf3 a4 18. Qc2 Nd7 19. Be3 Nde5 20. a3 bxc3 21. bxc3 Ba6 22.
Rfd1 Nxf3+ 23. Bxf3 Qf6 24. e5 Nxe5 25. Bxa8 Rxa8 26. d4 Nc4 27. Qf2 Nxe3 28.
Qxe3 cxd4 29. cxd4 e5 30. Nd5 Qe6 31. Nc7 Qxh3 32. Nxa8 Bb7 33. d5 Bxa8 34.
Rab1 Qg4 35. Rb8+ Bf8 36. Rd2 Bxd5 37. Rxd5 Qc4 38. Qf2 Qc1+ 39. Kg2 Qh6 40.
Rxd6 1-0

[Event "Scarborough CC Jack Frost"]
[Site "Toronto CAN"]
[Date "2020.02.06"]
[Round "5.2"]
[White "Hay, Jonathan"]
[Black "Mao, Fengxi"]
[Result "1/2-1/2"]
[WhiteElo "2007"]
[BlackElo "2246"]
[PlyCount "146"]
[EventDate "2020.01.09"]
[EventType "swiss"]
[EventRounds "6"]
[EventCountry "CAN"]

1. d4 Nf6 2. Bf4 b6 3. e3 Bb7 4. Nf3 d6 5. Nbd2 Nh5 6. Bg5 h6 7. Bh4 g5 8. Ng1
Ng7 9. Bg3 Nf5 10. Ngf3 Bg7 11. c3 e6 12. e4 Nxg3 13. hxg3 O-O 14. Bd3 c5 15.
dxc5 Nd7 16. cxb6 Nc5 17. Be2 Nxe4 18. Nxe4 Bxe4 19. bxa7 Qb6 20. O-O Qxb2 21.
Bd3 Bxd3 22. Qxd3 Rxa7 23. Qxd6 Qxc3 24. Rac1 Qa3 25. Qc6 Qxa2 26. Rfd1 Qa6 27.
Qc5 Rb7 28. Rc2 Rb5 29. Qc4 Ra5 30. Qxa6 Rxa6 31. Rc7 Ra1 32. Rxa1 Bxa1 33. Nd2
Kg7 34. Ne4 Kg6 35. g4 Rb8 36. Rc2 Rb1+ 37. Kh2 Be5+ 38. g3 Rb4 39. Re2 Bd4 40.
Kg2 Rb6 41. Rd2 Be5 42. Re2 Bb8 43. Nc5 Rb5 44. Ne4 Rb4 45. Kf3 Rc4 46. Kg2 Bc7
47. f3 Rc6 48. Nf2 Rc3 49. Ne4 Rc1 50. Nf2 Bb6 51. Rb2 Bd4 52. Rd2 e5 53. Re2
f6 54. Nh3 Kf7 55. Nf2 Ke6 56. Ra2 Ra1 57. Rxa1 Bxa1 58. Ne4 Bd4 59. Kh3 Kf7
60. Nd6+ Kg6 61. Kg2 h5 62. gxh5+ Kxh5 63. g4+ Kg6 64. Nf5 Kf7 65. Kf1 Ke6 66.
Ke2 Kd5 67. Ng3 Bb6 68. Kd3 Bd8 69. Ke3 Bb6+ 70. Kd3 Ba7 71. Ne4 Ke6 72. Ng3
Bf2 73. Ne4 Be1 1/2-1/2

[Event "Scarborough CC Jack Frost"]
[Site "Toronto CAN"]
[Date "2020.02.06"]
[Round "5.3"]
[White "Huang, Richard"]
[Black "Zhao, Jeffrey R"]
[Result "1-0"]
[WhiteElo "1834"]
[BlackElo "2118"]
[PlyCount "51"]
[EventDate "2020.01.09"]
[EventType "swiss"]
[EventRounds "6"]
[EventCountry "CAN"]

1. e4 c5 2. Nf3 d6 3. d4 cxd4 4. Nxd4 Nf6 5. Nc3 a6 6. f3 e5 7. Nb3 Be6 8. Be3
Be7 9. Be2 Nbd7 10. Qd2 O-O 11. O-O-O b5 12. g4 b4 13. Nd5 Bxd5 14. exd5 Nb6
15. Na5 Nbxd5 16. Nc6 Qc7 17. Nxe7+ Nxe7 18. Qxd6 Rfc8 19. Qxc7 Rxc7 20. Rd2
Nfd5 21. Rhd1 Rd7 22. Bc5 Rc8 23. Bxe7 Rxe7 24. Rxd5 h6 25. Rd8+ Rxd8 26. Rxd8+
1-0

[Event "Scarborough CC Jack Frost"]
[Site "Toronto CAN"]
[Date "2020.02.06"]
[Round "5.4"]
[White "Vinuya, Ruth Joy"]
[Black "Mendoza, Armand Jess"]
[Result "0-1"]
[WhiteElo "1857"]
[BlackElo "1845"]
[PlyCount "96"]
[EventDate "2020.01.09"]
[EventType "swiss"]
[EventRounds "6"]
[EventCountry "CAN"]

1. e4 c5 2. Nf3 d6 3. Bb5+ Bd7 4. Bxd7+ Qxd7 5. O-O e5 6. c3 g6 7. d4 Bg7 8.
Re1 Ne7 9. Na3 O-O 10. Bg5 h6 11. Bh4 g5 12. Bg3 Ng6 13. dxc5 dxc5 14. Nc4 Qxd1
15. Raxd1 f6 16. Nd6 b6 17. Nf5 Na6 18. Rd7 Rf7 19. Red1 Raf8 20. R7d2 h5 21.
h4 g4 22. Nh2 c4 23. f3 Nc5 24. Nd6 Rc7 25. fxg4 Bh6 26. gxh5 Bxd2 27. hxg6
Be3+ 28. Kf1 Rd7 29. Ke2 Rfd8 30. Kxe3 Rxd6 31. Rxd6 Rxd6 32. Nf3 Rd3+ 33. Ke2
Nxe4 34. Bf2 Nxf2 35. Kxf2 e4 36. Nd4 Rd2+ 37. Ke3 Rxg2 38. Nf5 Rxb2 39. h5 Rb5
40. Kxe4 Re5+ 41. Kf4 b5 42. h6 b4 43. h7+ Kh8 44. Nd6 Rh5 45. Ne8 b3 46. axb3
cxb3 47. Nxf6 Rh1 48. Ke5 b2 0-1

[Event "Scarborough CC Jack Frost"]
[Site "Toronto CAN"]
[Date "2020.02.06"]
[Round "5.5"]
[White "Wu, Benjamin"]
[Black "Southam, David"]
[Result "0-1"]
[WhiteElo "1872"]
[BlackElo "2216"]
[PlyCount "126"]
[EventDate "2020.01.09"]
[EventType "swiss"]
[EventRounds "6"]
[EventCountry "CAN"]

1. e4 e6 2. d4 d5 3. Nd2 c5 4. exd5 Qxd5 5. dxc5 Qxc5 6. Ngf3 Nf6 7. Nb3 Qc7 8.
Bd3 Bd6 9. O-O b6 10. Nbd4 a6 11. Re1 O-O 12. Bg5 Nbd7 13. c3 Bb7 14. Bxf6 Nxf6
15. Bc2 Rfe8 16. h3 g6 17. Qe2 e5 18. Nb3 Nd5 19. Be4 f5 20. Bxd5+ Bxd5 21.
Rad1 Bb7 22. Rd2 e4 23. Nfd4 Bf4 24. Rdd1 e3 25. fxe3 Bg3 26. Rf1 Re7 27. Nxf5
gxf5 28. Rxf5 Rf8 29. Rdf1 Rxf5 30. Rxf5 h6 31. Nd4 Be5 32. Qh5 Bg7 33. Kf2 Be4
34. Rf4 Bh7 35. Qd5+ Kh8 36. Ne6 Qd7 37. Qxd7 Rxd7 38. Nxg7 Kxg7 39. Ke2 Bd3+
40. Ke1 Re7 41. Kd2 Be4 42. g4 Kg6 43. c4 Kg5 44. Rf8 Re6 45. Rf4 Kh4 46. g5+
Kxg5 47. a3 h5 48. h4+ Kg6 49. Kc3 Bf5 50. Kd4 Bg4 51. e4 Rd6+ 52. Ke5 Rc6 53.
b4 Be2 54. Rf2 Bxc4 55. Rg2+ Kh6 56. Kf5 Be6+ 57. Ke5 Bg4 58. Rf2 Kg7 59. Rd2
Kf7 60. Rd6 Rxd6 61. Kxd6 b5 62. Kc6 Ke6 63. Kb6 Bd1 0-1

[Event "Scarborough CC Jack Frost"]
[Site "Toronto CAN"]
[Date "2020.02.06"]
[Round "5.6"]
[White "Gao, Lucy"]
[Black "Xiao, Edward"]
[Result "1/2-1/2"]
[WhiteElo "1795"]
[BlackElo "1855"]
[PlyCount "66"]
[EventDate "2020.01.09"]
[EventType "swiss"]
[EventRounds "6"]
[EventCountry "CAN"]

1. e4 c5 2. Nf3 d6 3. Bb5+ Bd7 4. Bxd7+ Nxd7 5. O-O g6 6. c3 Bg7 7. d4 Nb6 8.
Be3 Nf6 9. Nbd2 Nfd7 10. Rc1 O-O 11. b4 cxb4 12. cxb4 Rc8 13. Qb3 Rc7 14. Nb1
Qb8 15. Rxc7 Qxc7 16. Rc1 Qb8 17. Nc3 Rc8 18. a4 Nf6 19. Ng5 e6 20. Rd1 d5 21.
e5 Ne8 22. a5 Nc4 23. Nb1 Rc7 24. Na3 Nxa3 25. Qxa3 Qc8 26. Bd2 h6 27. Nf3 Rc4
28. Rc1 Rxc1+ 29. Bxc1 Qc6 30. Qb2 Nc7 31. Be3 Nb5 32. h3 Bf8 33. Bd2 Qc4
1/2-1/2

[Event "Scarborough CC Jack Frost"]
[Site "Toronto CAN"]
[Date "2020.02.06"]
[Round "5.7"]
[White "Jeyakumar, Bhavatharshan"]
[Black "Leblanc, Miguel"]
[Result "1-0"]
[WhiteElo "1848"]
[BlackElo "1758"]
[PlyCount "117"]
[EventDate "2020.01.09"]
[EventType "swiss"]
[EventRounds "6"]
[EventCountry "CAN"]

1. e4 d5 2. exd5 Nf6 3. d4 Nxd5 4. c4 Nb6 5. Nf3 g6 6. Be2 Bg7 7. Be3 Nc6 8.
Nc3 O-O 9. O-O Bg4 10. c5 Nd5 11. Qb3 Nxe3 12. fxe3 Bh6 13. Ne4 Be6 14. Qa3 Qd5
15. Ng3 Bg4 16. e4 Qd8 17. d5 Bxf3 18. Bxf3 Nd4 19. Qd3 Nxf3+ 20. Rxf3 Bg7 21.
Qd2 e5 22. Rd1 b6 23. b4 a5 24. a3 bxc5 25. bxc5 Qd7 26. Nf1 Qb5 27. Rc3 Qa4
28. Qd3 f5 29. Re1 Qd4+ 30. Qxd4 exd4 31. Rb3 Rae8 32. Ng3 Be5 33. exf5 Bxg3
34. Rxe8 Bxh2+ 35. Kxh2 Rxe8 36. fxg6 hxg6 37. Rd3 Re4 38. Kg3 g5 39. Kf2 Kf7
40. Kf3 Rf4+ 41. Ke2 a4 42. g3 Re4+ 43. Kf3 Re3+ 44. Rxe3 dxe3 45. Kxe3 Kf6 46.
Ke4 c6 47. dxc6 Ke6 48. g4 Ke7 49. Kf5 Kd8 50. Kxg5 Kc7 51. Kf6 Kxc6 52. g5
Kxc5 53. g6 Kc4 54. g7 Kb3 55. g8=Q+ Kxa3 56. Qc4 Kb2 57. Qxa4 Kc3 58. Qe4 Kb3
59. Qd4 1-0

[Event "Scarborough CC Jack Frost"]
[Site "Toronto CAN"]
[Date "2020.02.13"]
[Round "6.1"]
[White "Mao, Fengxi"]
[Black "Huang, Richard"]
[Result "1/2-1/2"]
[WhiteElo "2246"]
[BlackElo "1834"]
[PlyCount "81"]
[EventDate "2020.01.09"]
[EventType "swiss"]
[EventRounds "6"]
[EventCountry "CAN"]

1. e4 e5 2. Nf3 Nc6 3. Bb5 a6 4. Ba4 Nf6 5. O-O Nxe4 6. d4 b5 7. Bb3 d5 8. dxe5
Be6 9. c3 Be7 10. Nbd2 Nxd2 11. Bxd2 O-O 12. Re1 Na5 13. Bc2 c5 14. Bf4 Re8 15.
a4 Rb8 16. axb5 axb5 17. Qd3 g6 18. Qe2 Nc6 19. Ra6 Rb6 20. Rxb6 Qxb6 21. Ng5
Bxg5 22. Bxg5 Bf5 23. Bxf5 gxf5 24. Qd2 Rxe5 25. Bf6 Rxe1+ 26. Qxe1 Qb8 27. Qd2
Kf8 28. Qh6+ Ke8 29. Qxh7 Qd6 30. Qxf5 Qe6 31. Qxe6+ fxe6 32. f4 Kf7 33. Bh8 b4
34. Kf2 b3 35. Ke2 Na5 36. Kd2 Nc4+ 37. Kc1 Ne3 38. g3 Nf1 39. Be5 Nxh2 40. c4
Nf1 41. Bd6 1/2-1/2

[Event "Scarborough CC Jack Frost"]
[Site "Toronto CAN"]
[Date "2020.02.13"]
[Round "6.2"]
[White "Mendoza, Armand Jess"]
[Black "Lawless, David"]
[Result "1/2-1/2"]
[WhiteElo "1845"]
[BlackElo "2035"]
[PlyCount "168"]
[EventDate "2020.01.09"]
[EventType "swiss"]
[EventRounds "6"]
[EventCountry "CAN"]

1. e4 e5 2. Nf3 Nc6 3. Bc4 Bc5 4. c3 Nf6 5. d3 h6 6. b4 Bb6 7. Bb3 O-O 8. O-O
Re8 9. Nbd2 a6 10. h3 d5 11. Qc2 d4 12. Nc4 Ba7 13. a4 b5 14. axb5 axb5 15. Na5
Qd6 16. Nxc6 Qxc6 17. cxd4 Qxc2 18. Bxc2 exd4 19. Nxd4 Bd7 20. Be3 c5 21. Nb3
c4 22. Rxa7 cxb3 23. Bxb3 Rec8 24. Bd4 Be6 25. Bxe6 fxe6 26. Bxf6 gxf6 27. Ra5
Rab8 28. Rfa1 Rc3 29. Ra8 Rxa8 30. Rxa8+ Kf7 31. Rb8 Rxd3 32. Rxb5 Rb3 33. Rb7+
Kg6 34. b5 h5 35. Rb8 h4 36. b6 Kg5 37. f3 Kf4 38. Kh2 f5 39. b7 Rb2 40. Re8
Rxb7 41. Rxe6 fxe4 42. Rxe4+ Kg5 43. f4+ Kg6 44. f5+ Kg5 45. Rg4+ Kh5 46. f6
Rf7 47. Rf4 Kg5 48. Rf3 Rxf6 49. Kg1 Ra6 50. Re3 Ra4 51. Kf2 Kf4 52. Rf3+ Kg5
53. Rf8 Rb4 54. Rg8+ Kf5 55. Rf8+ Kg5 56. Ke3 Ra4 57. Rd8 Rb4 58. Rd5+ Kg6 59.
Re5 Rb2 60. Kf3 Rb3+ 61. Re3 Rb4 62. Re4 Rb3+ 63. Kf4 Rg3 64. Re8 Kf6 65. Re2
Kg6 66. Ra2 Kf6 67. Rb2 Kg6 68. Rb6+ Kf7 69. Rb2 Kg6 70. Rf2 Kf6 71. Ke4+ Kg6
72. Ke5 Kg5 73. Rf8 Kh6 74. Kf6 Rg6+ 75. Kf7 Rg7+ 76. Kf6 Rg6+ 77. Kf5 Rg5+ 78.
Kf4 Rxg2 79. Rh8+ Kg7 80. Rxh4 Ra2 81. Rg4+ Kh6 82. Kg3 Ra3+ 83. Kh4 Ra5 84.
Rb4 Ra6 1/2-1/2

[Event "Scarborough CC Jack Frost"]
[Site "Toronto CAN"]
[Date "2020.02.13"]
[Round "6.3"]
[White "Gao, Raymond"]
[Black "Southam, David"]
[Result "1-0"]
[WhiteElo "2042"]
[BlackElo "2216"]
[PlyCount "57"]
[EventDate "2020.01.09"]
[EventType "swiss"]
[EventRounds "6"]
[EventCountry "CAN"]

1. e4 e6 2. d4 d5 3. Nd2 c5 4. exd5 Qxd5 5. Ngf3 cxd4 6. Bc4 Qd6 7. O-O Nf6 8.
Nb3 Nc6 9. Nbxd4 Nxd4 10. Nxd4 a6 11. Re1 Qc7 12. Bf1 Bd6 13. Nf5 Bxh2+ 14. Kh1
O-O 15. Nxg7 Rd8 16. Qf3 Kxg7 17. Bh6+ Kg6 18. Bd3+ Rxd3 19. cxd3 Bd7 20. d4
Bc6 21. Qe3 Ne4 22. Rac1 f5 23. Rc2 Rg8 24. Qh3 Bf4 25. Rxe4 fxe4 26. Qxe6+ Kh5
27. Rc5+ Bg5 28. Qxg8 Qe7 29. Bxg5 1-0

[Event "Scarborough CC Jack Frost"]
[Site "Toronto CAN"]
[Date "2020.02.13"]
[Round "6.4"]
[White "Zhao, Jeffrey R"]
[Black "Vinuya, Ruth Joy"]
[Result "0-1"]
[WhiteElo "2118"]
[BlackElo "1857"]
[PlyCount "125"]
[EventDate "2020.01.09"]
[EventType "swiss"]
[EventRounds "6"]
[EventCountry "CAN"]

1. e4 g6 2. d4 Bg7 3. Nc3 d6 4. f4 Nf6 5. Nf3 O-O 6. Bd3 Nc6 7. Be3 Ng4 8. Bg1
e5 9. dxe5 dxe5 10. f5 Nh6 11. fxg6 hxg6 12. Bc4 Nd4 13. Qd3 c6 14. a3 b5 15.
Ba2 Nxf3+ 16. Qxf3 Bg4 17. Qg3 Bf6 18. Bf2 Qe7 19. O-O a5 20. h3 Be6 21. Be3
Bg7 22. Qf2 Rad8 23. Rad1 Bxa2 24. Nxa2 Rxd1 25. Rxd1 Rd8 26. Qe2 Rxd1+ 27.
Qxd1 f5 28. Qd3 f4 29. Bf2 Nf7 30. Nc1 Qd6 31. Nb3 a4 32. Na5 Qc7 33. Qc3 Nd8
34. Bh4 Qb6+ 35. Kh2 Ne6 36. Nxc6 Qc5 37. Qxc5 Nxc5 38. Na7 Nxe4 39. Nxb5 Kf7
40. Kg1 Ke6 41. c4 Nc5 42. Be1 e4 43. Bc3 Bxc3 44. Nxc3 Ke5 45. Kf2 Nd3+ 46.
Ke2 Nxb2 47. c5 Nc4 48. Nxa4 Nxa3 49. Nc3 Nc2 50. Kd2 Nd4 51. Ke1 g5 52. Kf2
e3+ 53. Ke1 Nc6 54. Ke2 Kd4 55. Na4 Ne5 56. Ke1 Nd3+ 57. Ke2 Nxc5 58. Nb6 Ne4
59. Nd7 Ng3+ 60. Ke1 Ke4 61. Nf6+ Kd3 62. Nd7 Kd4 63. Nf6 0-1

[Event "Scarborough CC Jack Frost"]
[Site "Toronto CAN"]
[Date "2020.02.13"]
[Round "6.5"]
[White "Xiao, Edward"]
[Black "Sharpe, Sam"]
[Result "0-1"]
[WhiteElo "1855"]
[BlackElo "1964"]
[PlyCount "62"]
[EventDate "2020.01.09"]
[EventType "swiss"]
[EventRounds "6"]
[EventCountry "CAN"]

1. d4 d5 2. c4 c6 3. e3 Nf6 4. Nf3 e6 5. Bd3 Nbd7 6. O-O Bd6 7. Nbd2 O-O 8. Qc2
Re8 9. cxd5 exd5 10. e4 dxe4 11. Nxe4 Nxe4 12. Bxe4 h6 13. Re1 Nf6 14. h3 Nxe4
15. Rxe4 Rxe4 16. Qxe4 Be6 17. Bf4 Bd5 18. Qe3 Bxf4 19. Qxf4 Bxf3 20. gxf3 Qd5
21. Qc7 Qxf3 22. Qxb7 Re8 23. Qxa7 Re6 24. Qb8+ Kh7 25. Qh2 Rg6+ 26. Kf1 Qd3+
27. Ke1 Re6+ 28. Qe5 Qxd4 29. Qxe6 fxe6 30. a4 Qxb2 31. Rd1 Qb4+ 0-1

[Event "Scarborough CC Jack Frost"]
[Site "Toronto CAN"]
[Date "2020.02.13"]
[Round "6.6"]
[White "Liu, Aaron"]
[Black "Gao, Lucy"]
[Result "0-1"]
[WhiteElo "1744"]
[BlackElo "1795"]
[PlyCount "64"]
[EventDate "2020.01.09"]
[EventType "swiss"]
[EventRounds "6"]
[EventCountry "CAN"]

1. e4 e5 2. Nf3 Nc6 3. Bc4 Nf6 4. d3 Be7 5. c3 O-O 6. O-O d6 7. Re1 Kh8 8. h3
Ng8 9. d4 f5 10. exf5 d5 11. Bb3 e4 12. Nh2 Bxf5 13. Nf1 Be6 14. Ng3 Bh4 15.
Be3 Qd6 16. Ne2 Rf7 17. Nd2 Raf8 18. g3 Be7 19. Kg2 Qd7 20. Nf4 Bd6 21. Nxe6
Qxe6 22. c4 Nce7 23. c5 Nf5 24. Re2 Bxg3 25. Bxd5 Qxd5 26. fxg3 Nxe3+ 27. Rxe3
Rf2+ 28. Kg1 Qxd4 29. Nc4 Qxc4 30. Rc1 Qe6 31. g4 Qe5 32. Qd7 Qh2# 0-1

[Event "Scarborough CC Jack Frost"]
[Site "Toronto CAN"]
[Date "2020.02.13"]
[Round "6.7"]
[White "Jeyakumar, Bhavatharshan"]
[Black "Wu, Benjamin"]
[Result "0-1"]
[WhiteElo "1848"]
[BlackElo "1872"]
[PlyCount "60"]
[EventDate "2020.01.09"]
[EventType "swiss"]
[EventRounds "6"]
[EventCountry "CAN"]

1. e4 c6 2. d4 d5 3. e5 Bf5 4. Ne2 e6 5. Ng3 Bg6 6. h4 h6 7. h5 Bh7 8. Bd3 Bxd3
9. cxd3 Qb6 10. Be3 Qxb2 11. Nd2 Bb4 12. O-O Bxd2 13. Rb1 Qxa2 14. Bxd2 Qa6 15.
Bb4 Nd7 16. Qg4 Rh7 17. f4 Qxd3 18. f5 O-O-O 19. Kh2 g6 20. hxg6 Rg7 21. Rbd1
Qb3 22. Nh5 exf5 23. Nxg7 fxg4 24. gxf7 Qxb4 25. Ne6 Qe7 26. Nxd8 Qxd8 27. e6
Ndf6 28. Rde1 Qe7 29. fxg8=Q+ Nxg8 30. Rf7 Qh4+ 0-1

[Event "Scarborough CC Jack Frost U1800"]
[Site "Toronto CAN"]
[Date "2020.01.09"]
[Round "1"]
[White "Zhong, Ryan Yunhui"]
[Black "Armstrong, Robert J"]
[Result "1-0"]
[WhiteElo "1330"]
[BlackElo "1597"]
[PlyCount "59"]
[EventDate "2020.01.09"]
[EventType "swiss"]
[EventRounds "6"]
[EventCountry "CAN"]

1. d4 g6 2. Nf3 Bg7 3. c4 c5 4. e3 Qb6 5. Nc3 e6 6. Be2 Ne7 7. O-O d5 8. Na4
Qc7 9. cxd5 cxd4 10. dxe6 Bxe6 11. Nxd4 Bd5 12. Nc3 Bc6 13. Ndb5 Bxb5 14. Nxb5
Qb6 15. Nd6+ Kf8 16. Bf3 Nbc6 17. Qe2 Rd8 18. Rd1 a6 19. Qc4 Ne5 20. Qb3 Nxf3+
21. gxf3 Qxb3 22. axb3 Be5 23. Ra4 Rxd6 24. Bd2 Bxb2 25. e4 Bc3 26. Bh6+ Bg7
27. Bxg7+ Kxg7 28. Rxd6 Rb8 29. Rb4 Nc6 30. Rxc6 1-0

[Event "Scarborough CC Jack Frost U1800"]
[Site "Toronto CAN"]
[Date "2020.01.16"]
[Round "2"]
[White "Armstrong, Robert J"]
[Black "Mates, Alexander"]
[Result "1-0"]
[WhiteElo "1597"]
[BlackElo "1268"]
[PlyCount "69"]
[EventDate "2020.01.09"]
[EventType "swiss"]
[EventRounds "6"]
[EventCountry "CAN"]

1. d4 Nf6 2. c4 g6 3. Nc3 Bg7 4. e4 d6 5. f3 O-O 6. Be3 c5 7. d5 Qb6 8. Qd2
Nbd7 9. f4 Ng4 10. O-O-O Nxe3 11. Qxe3 a6 12. h3 Qa5 13. Kb1 b5 14. Rc1 b4 15.
Nd1 Rb8 16. Nf3 Qa4 17. g4 b3 18. a3 Rb4 19. e5 Nb6 20. Nc3 Qa5 21. axb4 Qxb4
22. Nd2 Na4 23. Nxa4 Qxa4 24. Qxb3 Qxb3 25. Nxb3 dxe5 26. fxe5 Bxe5 27. Nxc5
Bd4 28. Nb3 Bg7 29. Bg2 Bd7 30. Rhe1 Rb8 31. Ka2 Ba4 32. Re3 Bh6 33. Rcc3 Bxe3
34. Rxe3 Rb4 35. Bf1 1-0

[Event "Scarborough CC Jack Frost U1800"]
[Site "Toronto CAN"]
[Date "2020.01.23"]
[Round "3"]
[White "Chanoian, Ara"]
[Black "Armstrong, Robert J"]
[Result "1-0"]
[WhiteElo "1426"]
[BlackElo "1597"]
[PlyCount "118"]
[EventDate "2020.01.09"]
[EventType "swiss"]
[EventRounds "6"]
[EventCountry "CAN"]

1. d4 g6 2. c4 Bg7 3. Nc3 Nf6 4. g3 d6 5. Nf3 O-O 6. Bg2 c5 7. O-O cxd4 8. Nxd4
Qb6 9. Ndb5 a6 10. Be3 Qa5 11. Nd4 Ng4 12. Nd5 Nxe3 13. Nxe7+ Kh8 14. fxe3 Qd8
15. Nd5 Nc6 16. Rb1 Ne5 17. Qb3 Rb8 18. e4 Bg4 19. e3 Qg5 20. Nf3 Nxf3+ 21.
Bxf3 Be5 22. Bxg4 Qxg4 23. Qc2 f5 24. exf5 gxf5 25. b3 Rf7 26. Rf2 Rg8 27. Rbf1
Rfg7 28. Rg2 Rg5 29. Nf4 h5 30. h3 Qxg3 31. Rxg3 Rxg3+ 32. Kh2 Rxe3 33. Qxf5
Rgg3 34. Ng6+ Rxg6+ 35. Kh1 Reg3 36. Qf8+ Kh7 37. Qf7+ Kh6 38. Qf8+ Kg5 39. Rg1
Rxg1+ 40. Kxg1 Kh4+ 41. Kf1 Kxh3 42. Qf5+ Rg4 43. Qxh5+ Kg3 44. Ke2 Re4+ 45.
Kd3 Rd4+ 46. Kc2 Bf4 47. Qg6+ Kf2 48. Qf7 b5 49. cxb5 axb5 50. Kc3 Ke3 51. Qe6+
Be5 52. Qh3+ Ke4 53. Kc2 Kd5 54. Qf3+ Kc5 55. a3 Kb6 56. Qe3 Kc5 57. Qc3+ Rc4
58. bxc4 Bxc3 59. cxb5 Ba5 1-0

[Event "Scarborough CC Winter op"]
[Site "Toronto CAN"]
[Date "2020.02.20"]
[Round "1.1"]
[White "Mao, Fengxi"]
[Black "Sharpe, Sam"]
[Result "1/2-1/2"]
[WhiteElo "2232"]
[BlackElo "1973"]
[PlyCount "87"]
[EventDate "2020.02.20"]
[EventType "swiss"]
[EventRounds "6"]
[EventCountry "CAN"]

1. e4 e5 2. Nf3 Nc6 3. Bb5 a6 4. Ba4 Nf6 5. O-O Be7 6. Bxc6 dxc6 7. d3 Bd6 8.
Nbd2 h6 9. b3 Bg4 10. Bb2 Qe7 11. Nc4 Bxf3 12. Qxf3 O-O-O 13. d4 Nd7 14. dxe5
Bxe5 15. Nxe5 Nxe5 16. Qf5+ Nd7 17. Bxg7 Rhg8 18. Bxh6 Rg6 19. Bf4 Rdg8 20. Bg3
Kb8 21. Rad1 Nc5 22. f3 Ne6 23. Rf2 Rxg3 24. hxg3 Rxg3 25. Qe5 Rg5 26. Qh2 Qc5
27. Kf1 Rh5 28. Qg1 Qg5 29. Rfd2 b6 30. g3 Qh6 31. Ke2 Rh2+ 32. Kd3 Nc5+ 33.
Kc3 Qg7+ 34. Qd4 Qxg3 35. Rxh2 Qxh2 36. Kb2 Qe2 37. Qh8+ Kb7 38. Rd8 b5 39.
Rb8+ Ka7 40. Ra8+ Kb6 41. Qb8+ Nb7 42. Qa7+ Ka5 43. Qxa6+ Kb4 44. Qa3# 1/2-1/2

[Event "Scarborough CC Winter op"]
[Site "Toronto CAN"]
[Date "2020.02.20"]
[Round "1.2"]
[White "Xiao, Edward"]
[Black "Gao, Raymond"]
[Result "0-1"]
[WhiteElo "1897"]
[BlackElo "2122"]
[PlyCount "62"]
[EventDate "2020.02.20"]
[EventType "swiss"]
[EventRounds "6"]
[EventCountry "CAN"]

1. d4 Nf6 2. c4 c5 3. d5 b5 4. cxb5 a6 5. bxa6 g6 6. Nc3 Bxa6 7. Nf3 Bg7 8. e4
Bxf1 9. Kxf1 d6 10. g3 O-O 11. Kg2 Nfd7 12. Re1 Qa5 13. Bg5 Re8 14. Qc1 Nb6 15.
Nd2 N8d7 16. Nb3 Qb4 17. Qc2 Nc4 18. a3 Nxa3 19. Rxa3 Rxa3 20. bxa3 Qxc3 21.
Qxc3 Bxc3 22. Re3 Bg7 23. f4 c4 24. Na5 h6 25. Bh4 c3 26. Re1 Nc5 27. Nc6 Nd3
28. Re2 c2 29. Rxc2 Ne1+ 30. Kf2 Nxc2 31. a4 Bf6 0-1

[Event "Scarborough CC Winter op"]
[Site "Toronto CAN"]
[Date "2020.02.20"]
[Round "1.3"]
[White "Southam, David"]
[Black "Wu, Benjamin"]
[Result "1-0"]
[WhiteElo "2108"]
[BlackElo "1865"]
[PlyCount "51"]
[EventDate "2020.02.20"]
[EventType "swiss"]
[EventRounds "6"]
[EventCountry "CAN"]

1. d4 Nf6 2. c4 e6 3. Nc3 d5 4. cxd5 exd5 5. Bg5 Be7 6. e3 Bf5 7. Bxf6 Bxf6 8.
Qb3 O-O 9. Qxd5 Bd7 10. Nf3 c6 11. Qb3 b5 12. Be2 Be6 13. Qd1 b4 14. Na4 Qa5
15. Nc5 Bc8 16. Qa4 Qxa4 17. Nxa4 Na6 18. Rc1 Bb7 19. O-O Rfd8 20. Nd2 Rac8 21.
Nb3 Be7 22. Na5 Rd5 23. Nxb7 Nb8 24. Nbc5 Nd7 25. Nxd7 Rxd7 26. Bg4 1-0

[Event "Scarborough CC Winter op"]
[Site "Toronto CAN"]
[Date "2020.02.20"]
[Round "1.4"]
[White "Gao, Lucy"]
[Black "Lawless, David"]
[Result "1-0"]
[WhiteElo "1848"]
[BlackElo "2038"]
[PlyCount "53"]
[EventDate "2020.02.20"]
[EventType "swiss"]
[EventRounds "6"]
[EventCountry "CAN"]

1. e4 e5 2. Nf3 Nc6 3. d4 exd4 4. Nxd4 Nf6 5. Nc3 Bb4 6. Nxc6 bxc6 7. Bd3 d5 8.
e5 Ng4 9. Bf4 O-O 10. h3 Nxe5 11. Bxe5 Re8 12. Bxh7+ Kxh7 13. Qh5+ Kg8 14. O-O
Be6 15. Ne2 f6 16. Bg3 Bf7 17. Qg4 Re4 18. Nf4 Qe8 19. f3 Re7 20. Bh4 Bc5+ 21.
Kh1 Kf8 22. Qf5 Re5 23. Qh7 Be3 24. Qh8+ Bg8 25. Bxf6 gxf6 26. Qxf6+ Bf7 27.
Ng6+ 1-0

[Event "Scarborough CC Winter op"]
[Site "Toronto CAN"]
[Date "2020.02.20"]
[Round "1.5"]
[White "Huang, Richard"]
[Black "Jeyakumar, Bhavatharshan"]
[Result "1/2-1/2"]
[WhiteElo "1980"]
[BlackElo "1824"]
[PlyCount "63"]
[EventDate "2020.02.20"]
[EventType "swiss"]
[EventRounds "6"]
[EventCountry "CAN"]

1. e4 c5 2. Nf3 e6 3. d4 cxd4 4. Nxd4 a6 5. c4 Nc6 6. Nxc6 bxc6 7. Nc3 Qc7 8.
Be2 Nf6 9. O-O Bb4 10. Bf3 O-O 11. Ne2 Bb7 12. Bf4 e5 13. Bg5 Be7 14. Bxf6 Bxf6
15. c5 Be7 16. b4 d6 17. Rc1 a5 18. a3 Rfd8 19. Qc2 dxc5 20. bxc5 Ba6 21. Rfd1
Qa7 22. Ng3 Rxd1+ 23. Bxd1 Rb8 24. Nf5 Bg5 25. Rb1 Rxb1 26. Qxb1 g6 27. Nd6
Qxc5 28. Qb8+ Kg7 29. Qc7 Bc4 30. Nxc4 Qxc4 31. Qxe5+ Bf6 32. Qxa5 1/2-1/2

[Event "Scarborough CC Winter op"]
[Site "Toronto CAN"]
[Date "2020.02.20"]
[Round "1.6"]
[White "Liu, Aaron"]
[Black "Mendoza, Armand Jess"]
[Result "0-1"]
[WhiteElo "1775"]
[BlackElo "2026"]
[PlyCount "94"]
[EventDate "2020.02.20"]
[EventType "swiss"]
[EventRounds "6"]
[EventCountry "CAN"]

1. e4 c5 2. Nf3 d6 3. Bb5+ Nd7 4. O-O a6 5. Bd3 e5 6. c3 g6 7. Bc2 Bg7 8. Re1
Ne7 9. d4 O-O 10. Be3 b5 11. d5 f5 12. a4 f4 13. Bc1 bxa4 14. h3 h6 15. Nh2 g5
16. Rxa4 Nf6 17. f3 Bd7 18. Ra1 h5 19. Bd3 Qc8 20. Be2 Bh6 21. Kh1 Kh7 22. Nd2
Bb5 23. Bxb5 axb5 24. Rxa8 Qxa8 25. Qe2 Qe8 26. Qf2 Qd7 27. Qe2 Rg8 28. Rf1 g4
29. hxg4 hxg4 30. fxg4 Nxg4 31. Ndf3 Nf6 32. Bd2 Nh5 33. Be1 Ng3+ 34. Bxg3 fxg3
35. Nxe5 dxe5 36. Nf3 Qg4 37. Rd1 Ng6 38. d6 Nh4 39. Ng1 Qd7 40. Qh5 Ng6 41.
Nf3 Nf4 42. Qxe5 c4 43. Nh4 Nd3 44. Rxd3 cxd3 45. Qd5 Rf8 46. Nf5 d2 47. Nxh6
Rf1# 0-1